Learn Well Social Science-6 (Record no. 3543)

MARC details
000 -LEADER
fixed length control field 00235nam a22000857a 4500
008 - FIXED-LENGTH DATA ELEMENTS--GENERAL INFORMATION
fixed length control field 161018b xxu||||| |||| 00| 0 eng d
100 ## - MAIN ENTRY--PERSONAL NAME
9 (RLIN) 890
Personal name Jain.A.etal.
245 ## - TITLE STATEMENT
Title Learn Well Social Science-6
260 ## - PUBLICATION, DISTRIBUTION, ETC. (IMPRINT)
Place of publication, distribution, etc. New Delhi
Name of publisher, distributor, etc. Holy Faith Publications
Holdings
Withdrawn status Lost status Source of classification or shelving scheme Damaged status Koha normalized classification for sorting Not for loan Home library Current library Shelving location Date acquired Total Checkouts Full call number Barcode Date last seen Date last checked out Price effective from Koha item type
    Dewey Decimal Classification   300_000000000000000   Good Samaritan School Library Good Samaritan School Library Social Science 10/18/2016 2 300 JAI12619 09/25/2018 09/14/2018 10/18/2016 BOOK

Powered by Koha